|
|
|
|
| LEADER |
00000nam0a2200000 4500 |
| 001 |
264040 |
| 005 |
20231101233808.0 |
| 010 |
|
|
|a 5060011585
|
| 035 |
|
|
|a (RuTPU)RU\TPU\book\287031
|
| 090 |
|
|
|a 264040
|
| 100 |
|
|
|a 20140616d1988 m y0rusy50 ca
|
| 101 |
0 |
|
|a ger
|
| 102 |
|
|
|a RU
|
| 105 |
|
|
|a a j 000zy
|
| 200 |
1 |
|
|a Основные трудности языка газеты
|e учебное пособие по немецкому языку для неязыковых вузов
|f В. Ю. Миронова, М. М. Макарова
|
| 210 |
|
|
|a Москва
|c Высшая школа
|d 1988
|
| 215 |
|
|
|a 112 с.
|c ил.
|
| 606 |
1 |
|
|a Немецкий язык
|x Для вузов
|x Пособия по развитию речи
|2 stltpush
|3 (RuTPU)RU\TPU\subj\45398
|9 64640
|
| 610 |
1 |
|
|a лексика
|
| 610 |
1 |
|
|a письменная речь
|
| 610 |
1 |
|
|a устная речь
|
| 610 |
1 |
|
|a чтение
|
| 610 |
1 |
|
|a переводы
|
| 610 |
1 |
|
|a газетные тексты
|
| 686 |
|
|
|a Ш143.24-923.4
|v LBC/SL-A
|2 rubbk
|
| 700 |
|
1 |
|a Миронова
|b В. Ю.
|g Виктория Юрьевна
|
| 701 |
|
1 |
|a Макарова
|b М. М.
|g Мария Михайловна
|
| 801 |
|
1 |
|a RU
|b 63413507
|c 20140616
|
| 801 |
|
2 |
|a RU
|b 63413507
|c 20150514
|g RCR
|
| 942 |
|
|
|c BK
|